ANATOMY & PHYSIOLOGY WORKBOOK (Record no. 8499)

MARC details
000 -LEADER
fixed length control field 00327nam a22001457a 4500
003 - CONTROL NUMBER IDENTIFIER
control field SGT
082 ## - DEWEY DECIMAL CLASSIFICATION NUMBER
Classification number 612
Item number A15T
100 ## - MAIN ENTRY--PERSONAL NAME
Personal name TORTORA, GENARD.J
245 ## - TITLE STATEMENT
Title ANATOMY & PHYSIOLOGY WORKBOOK
250 ## - EDITION STATEMENT
Edition statement 2015 INDIAN ED
260 ## - PUBLICATION, DISTRIBUTION, ETC. (IMPRINT)
Place of publication, distribution, etc DELHI
Name of publisher, distributor, etc WILEY
Year of Publication 2015
300 ## - PAGE DESCRIPTION
No. of Pages W226
650 ## - SUBJECT ADDED ENTRY--TOPICAL TERM
Topical term or geographic name as entry element ANATOMY & PHYSIOLOGY
942 ## - ADDED ENTRY ELEMENTS (KOHA)
Source of classification or shelving scheme Dewey Decimal Classification
Koha item type Books
942 ## - ADDED ENTRY ELEMENTS (KOHA)
-- 1
Holdings
Withdrawn status Lost status Source of classification or shelving scheme Damaged status Not for loan Collection code Home library Current library Shelving location Date acquired Vendor Name Cost, normal purchase price SGTU Bill Number Total Checkouts Full call number Accession No. (Barcode) Date last seen Bill Date Koha item type Date last borrowed
    Dewey Decimal Classification     AYURVEDA SGT FA-FP Library SGT FA-FP Library Text Book 17/03/2016 AHUJA 2795.00 SGTU 6404   612 A15T FA3742 17/03/2016 22/12/2015 Books  
    Dewey Decimal Classification     AYURVEDA SGT FA-FP Library SGT FA-FP Library Text Book 17/03/2016 AHUJA 2795.00 SGTU 6404   612 A15T FA3743 17/03/2016 22/12/2015 Books  
    Dewey Decimal Classification     AYURVEDA SGT FA-FP Library SGT FA-FP Library Text Book 17/03/2016 AHUJA 2795.00 SGTU 6404   612 A15T FA3744 17/03/2016 22/12/2015 Books  
    Dewey Decimal Classification     AYURVEDA SGT FA-FP Library SGT FA-FP Library Text Book 17/03/2016 AHUJA 2795.00 SGTU 6404 1 612 A15T FA3745 17/12/2022 22/12/2015 Books 03/12/2022
    Dewey Decimal Classification     AYURVEDA SGT FA-FP Library SGT FA-FP Library Text Book 17/03/2016 AHUJA 2795.00 SGTU 6404   612 A15T FA3746 17/03/2016 22/12/2015 Books